Nguội dụng cụ

সংরক্ষণ করুন:
গ্রন্থ-পঞ্জীর বিবরন
প্রধান লেখক: Nguội dụng cụ
বিন্যাস: গ্রন্থ
ভাষা:Undetermined
প্রকাশিত: Hà Nội Công nhân kĩ thuật 1983
বিষয়গুলি:
ট্যাগগুলো: ট্যাগ যুক্ত করুন
কোনো ট্যাগ নেই, প্রথমজন হিসাবে ট্যাগ করুন!
Thư viện lưu trữ: Trung tâm Học liệu Trường Đại học Cần Thơ
LEADER 00551nam a2200181Ia 4500
001 CTU_11707
008 210402s9999 xx 000 0 und d
082 |a 671.3 
082 |b K86 
100 |a Nguội dụng cụ 
245 0 |a Nguội dụng cụ 
245 0 |c Nguội dụng cụ, I G Kosmavchev; Dịch giả: Quốc Việt 
260 |a Hà Nội 
260 |b Công nhân kĩ thuật 
260 |c 1983 
650 |a metals - cold working 
904 |i Minh, 961101 
980 |a Trung tâm Học liệu Trường Đại học Cần Thơ